MARC details
| 000 -CABECERA |
| campo de control de longitud fija |
03060nam a2200325 a 4500 |
| 001 - NÚMERO DE CONTROL |
| campo de control |
000004462 |
| 003 - IDENTIFICADOR DEL NÚMERO DE CONTROL |
| campo de control |
DO-SdBNP |
| 005 - FECHA Y HORA DE LA ÚLTIMA TRANSACCIÓN |
| campo de control |
20240410111832.0 |
| 007 - CAMPO FIJO DE DESCRIPCIÓN FÍSICA--INFORMACIÓN GENERAL |
| campo de control de longitud fija |
ta |
| 008 - DATOS DE LONGITUD FIJA--INFORMACIÓN GENERAL |
| campo de control de longitud fija |
090723e1996 dr r 000 0 spa d |
| 040 ## - FUENTE DE LA CATALOGACIÓN |
| Centro catalogador/agencia de origen |
DO-SdBNP |
| Lengua de catalogación |
spa |
| Centro/agencia transcriptor |
BNPHU |
| 082 #4 - NÚMERO DE LA CLASIFICACIÓN DECIMAL DEWEY |
| Número de clasificación |
332.112 |
| Número de documento/Ítem |
V145u |
| Número de edición |
22 |
| 100 1# - ENTRADA PRINCIPAL--NOMBRE DE PERSONA |
| Nombre de persona |
Valdez Albizu, Héctor, |
| Fechas asociadas al nombre |
1947- |
| 9 (RLIN) |
12322 |
| Término indicativo de función/relación |
autor |
| 245 13 - MENCIÓN DE TÍTULO |
| Título |
Un camino hacia el desarrollo : |
| Resto del título |
conferencias y discursos / |
| Mención de responsabilidad, etc. |
Héctor Valdéz Albizu ; prólogo, Hugo Guilini Cury. |
| 264 ## - PRODUCCIÓN, PUBLICACIÓN, DISTRIBUCIÓN, FABRICACIÓN Y COPYRIGHT |
| Producción, publicación, distribución, fabricación y copyright |
Santo Domingo : |
| Nombre del de productor, editor, distribuidor, fabricante |
Banco Central de la República Dominicana, |
| Fecha de producción, publicación, distribución, fabricación o copyright |
1996. |
| 300 ## - DESCRIPCIÓN FÍSICA |
| Extensión |
165 páginas ; |
| Dimensiones |
23 cm. |
| 336 ## - TIPO DE CONTENIDO |
| Fuente |
rdacontent |
| Término de tipo de contenido |
texto |
| Código de tipo de contenido |
txt |
| 337 ## - TIPO DE MEDIO |
| Fuente |
rdamedia |
| Nombre/término del tipo de medio |
sin mediación |
| Código del tipo de medio |
n |
| 338 ## - TIPO DE SOPORTE |
| Fuente |
rdacarrier |
| Nombre/término del tipo de soporte |
volumen |
| Código del tipo de soporte |
nc |
| 505 ## - NOTA DE CONTENIDO CON FORMATO |
| Título |
Discurso ante el Comité de Desarrollo del Banco Internacional de Reconstrucción y Fomento Monetario Internacional |
| -- |
Discurso puesta en circulación del libro La isla de Santo Domingo antes de Colón / |
| Mención de responsabilidad |
Marcio Veloz Maggiolo |
| Título |
Discurso con motivo de la celebración del cuadragésimo séptimo aniversario de la institución -- |
| -- |
Discurso ante los miembros de la Cámara Americana de Comercio de la República Dominicana -- |
| -- |
Discurso en ocasión de la inauguración de la Exposición Centenario del Manifiesto de Montecristi -- |
| -- |
Discurso en la quinta sesión plenaria de la Asamblea de Gobernadores del Banco Interamericano de Desarrollo |
| -- |
Palabras en ocasión para la apertura de exposición el papel moneda en la sala Yoryi Morel del Centro de la Cultura de Santiago -- |
| -- |
Discurso ante la Asociación de Comerciantes e Industriales de Santiago-- |
| -- |
Discurso en el acto conmemorativo del cuadragésimo octavo aniversario de la institución -- |
| -- |
Palabras, en el acto de puesta en circulación de la obra Pertil del Banco Central -- |
| -- |
Discurso ante el Consejo de las Américas-- |
| -- |
Disertación ofrecida el 15 de marzo de 1996, ante la Cámara Americana de Comercio de la República Dominicana por el gobernador del Banco Central -- |
| -- |
Discurso en la quinta sesión plenaria del Banco Interamericano de Desarrollo -- |
| -- |
Palabras en el acto de celebración del vigésimo primer aniversario del INDOTEC -- |
| -- |
Palabras del acto de apertura del Seminario Regional sobre la Implementación del Sistema de Cuentas Nacionales 1993 |
| -- |
Palabras en la apertura de la exposición artesanías, manualidades y pinturas para los padres bancentralianos |
| -- |
Palabras con motivo del acto de inauguración de la Sala de Filatelia del Museo Numismático y Filatélico. |
| 590 ## - NOTA LOCAL (RLIN) |
| Nota local |
Inventariado, 2024 / MF |
| 600 10 - PUNTO DE ACCESO ADICIONAL DE MATERIA--NOMBRE DE PERSONA |
| Nombre de persona |
Valdez Albizu, Héctor, |
| Fechas asociadas al nombre |
1947- |
| 9 (RLIN) |
12322 |
| 650 #4 - PUNTO DE ACCESO ADICIONAL DE MATERIA--TÉRMINO DE MATERIA |
| Término de materia o nombre geográfico como elemento de entrada |
Política monetaria |
| Subdivisión geográfica |
República Dominicana |
| Subdivisión general |
Congresos, conferencias, etc. |
| 9 (RLIN) |
12336 |
| 651 #4 - PUNTO DE ACCESO ADICIONAL DE MATERIA--NOMBRE GEOGRÁFICO |
| Nombre geográfico |
República Dominicana |
| Subdivisión general |
Política Económica |
| -- |
Congresos, Conferencias, Etc. |
| 9 (RLIN) |
12065 |
| 651 #4 - PUNTO DE ACCESO ADICIONAL DE MATERIA--NOMBRE GEOGRÁFICO |
| Nombre geográfico |
República Dominicana |
| Subdivisión general |
Política Y Gobierno |
| -- |
Congresos, Conferencias, Etc. |
| 9 (RLIN) |
13070 |
| 651 #4 - PUNTO DE ACCESO ADICIONAL DE MATERIA--NOMBRE GEOGRÁFICO |
| Nombre geográfico |
República Dominicana |
| Subdivisión general |
Condiciones Económicas |
| -- |
Congresos, Conferencias, Etc. |
| 9 (RLIN) |
8547 |
| 700 1# - PUNTO DE ACCESO ADICIONAL--NOMBRE DE PERSONA |
| Nombre de persona |
Guilini Cury, Hugo, |
| Término indicativo de función/relación |
prólogo |
| 9 (RLIN) |
13071 |
| 910 ## - DATOS DE OPCIÓN DEL USUARIO (OCLC) |
| Datos de opción del usuario |
Validado. Control de calidad MFF |
| 942 ## - ELEMENTOS DE PUNTO DE ACCESO ADICIONAL (KOHA) |
| Fuente del sistema de clasificación o colocación |
Dewey Decimal Classification |
| Tipo de ítem Koha |
Libro |